[Event "Murrhard Wuerttemberg op"]
[Site "Murrhard"]
[Date "2021.08.22"]
[Round "7"]
[White "Migl, Dieter"]
[Black "Kalia, Anant"]
[Result "1/2-1/2"]
[WhiteElo "2163"]
[BlackElo "1522"]
[PlyCount "52"]
[EventDate "2021.08.18"]
[EventType "swiss"]
[EventRounds "7"]
[EventCountry "GER"]
[SourceTitle "CBM 204 Extra"]
[Source "ChessBase"]
[SourceDate "2021.11.30"]
[SourceVersion "1"]
[SourceVersionDate "2021.11.30"]
[SourceQuality "1"]

1. e4 c6 2. Nc3 d5 3. Nf3 Bg4 4. h3 Bxf3 5. Qxf3 e6 6. Be2 Nf6 7. 0-0 Be7 8. Rd1 d4 9. Nb1 0-0 10. d3 Nfd7 11. Qg3 Bh4 12. Qh2 Bf6 13. Nd2 c5 14. f4 e5 15. Nf3 Nc6 16. Rf1 exf4 17. Bxf4 Re8 18. g4 Nde5 19. Nxe5 Bxe5 20. g5 Qc7 21. Bh5 Re7 22. a3 Rf8 23. Be2 Qd6 24. h4 Bxf4 25. Rxf4 Qe5 26. Raf1 Nd8 1/2-1/2

[Event "Baden Wuerttemberg-chT U14"]
[Site "Burg Ortenberg"]
[Date "2018.06.24"]
[Round "4.1"]
[White "Kittel, Lennart"]
[Black "Kalia, Anant"]
[Result "0-1"]
[WhiteElo "1379"]
[BlackElo "1490"]
[PlyCount "68"]
[EventDate "2018.06.23"]
[EventType "team-tourn"]
[EventRounds "5"]
[EventCountry "GER"]
[SourceTitle "EXT 2019"]
[Source "ChessBase"]
[SourceDate "2018.10.10"]
[SourceVersion "1"]
[SourceVersionDate "2018.10.10"]
[SourceQuality "1"]
[WhiteTeam "Goeppingen U14"]
[BlackTeam "Murrhardt U14"]
[WhiteTeamCountry "GER"]
[BlackTeamCountry "GER"]

1. d4 Nf6 2. c4 g6 3. Nc3 Bg7 4. e4 d6 5. Be2 Nbd7 6. g4 0-0 7. g5 Ne8 8. h4 c5 9. d5 Qa5 10. Bd2 f5 11. h5 fxe4 12. Nxe4 Qd8 13. hxg6 hxg6 14. Bh5 Ne5 15. Qe2 Bf5 16. f4 gxh5 17. fxe5 Bg4 18. Qd3 Bxe5 19. Bc3 Rf5 20. Nf2 Bxc3+ 21. bxc3 Re5+ 22. Kf1 Bf5 23. Qf3 Ng7 24. Ne2 Bg6 25. Ng3 Qf8 26. Qxf8+ Rxf8 27. Kg2 Rxg5 28. Rae1 a5 29. Nh3 Rg4 30. Nf2 Rgf4 31. Nh3 R4f7 32. Re2 Bd3 33. Rb2 Bxc4 34. Rxb7 Bxd5+ 0-1

[Event "Baden Wuerttemberg-chT U14"]
[Site "Burg Ortenberg"]
[Date "2018.06.23"]
[Round "1.1"]
[White "Kravtsov, Maksim"]
[Black "Kalia, Anant"]
[Result "1-0"]
[WhiteElo "1814"]
[BlackElo "1490"]
[PlyCount "79"]
[EventDate "2018.06.23"]
[EventType "team-tourn"]
[EventRounds "5"]
[EventCountry "GER"]
[SourceTitle "EXT 2019"]
[Source "ChessBase"]
[SourceDate "2018.10.10"]
[SourceVersion "1"]
[SourceVersionDate "2018.10.10"]
[SourceQuality "1"]
[WhiteTeam "Karlsruhe U14"]
[BlackTeam "Murrhardt U14"]
[WhiteTeamCountry "GER"]
[BlackTeamCountry "GER"]

1. d4 Nf6 2. c4 g6 3. Nc3 Bg7 4. e4 d6 5. Be2 0-0 6. Nf3 Nbd7 7. 0-0 e5 8. d5 Nc5 9. Qc2 a5 10. Ne1 Nfd7 11. f3 f5 12. Be3 f4 13. Bf2 h6 14. Nd3 Nxd3 15. Bxd3 g5 16. a3 h5 17. Be2 Rf6 18. c5 Nxc5 19. Bxc5 dxc5 20. Nb5 b6 21. b4 Bf8 22. Bc4 Bd6 23. Nxd6 cxd6 24. bxc5 bxc5 25. Rab1 g4 26. Be2 g3 27. h3 Rg6 28. Bc4 Ba6 29. Qd3 Bxc4 30. Qxc4 Rb8 31. Rb5 Rg7 32. Rfb1 Rxb5 33. Rxb5 Ra7 34. a4 Qc8 35. Rb6 Qc7 36. Qb5 Qd7 37. Qc6 Qxc6 38. dxc6 Rc7 39. Rb8+ Kg7 40. Rb7 1-0